000 00455nam a2200181Ia 4500
001 9886
005 20260306161751.0
008 260306t2021||||xx |||||||||||||| ||spa||
041 _aESP
082 _a808.027
_bA53 2021
110 _aAmerican Psychological Association
245 0 _aManual de publicaciones de la American Psychological Association
260 _c2021
300 _a
_c
650 _aGEN
654 _aCHU
942 _cLIB
_dJUS
_fJUS
_2ddc
_n
999 _c9886
_d9886